The future of missiology as an academic discipline in seminary education : (Registro nro. 70225)
[ vista simple ]
| 000 -LÍDER | |
|---|---|
| Campo fijo de descripción fija | 01691nab a2200241 i 4500 |
| 001 - NÚMERO DE CONTROL | |
| Campo de control | 768714001 |
| 003 - IDENTIFICADOR DEL NÚMERO DE CONTROL | |
| Campo de control | CO-MdFUSB |
| 005 - FECHA Y HORA DE LA ULTIMA TRANSACCIÓN | |
| control field | 20260305154145.0 |
| 008 - ELEMENTOS DE LONGITUD FIJA -- INFORMACIÓN GENERAL | |
| Campo fijo de descripción fija -- Información general | 240617t1985 us ||||| |||| 00| 0 eng d |
| 040 ## - FUENTE DE CATALOGACIÓN | |
| Idioma de catalogación | spa |
| Agencia que realiza la transcripción | CO-MdFUSB |
| Agencia que realiza la modificación | CO-MdFUSB |
| 041 ## - CÓDIGO DE IDIOMA | |
| Código de idioma para texto/pista de sonido o título separado | eng |
| 100 ## - ASIENTO PRINCIPAL--NOMBRE PERSONAL | |
| Nombre personal | Scherer, James, |
| Término relacionador | autor |
| 245 13 - TÍTULO | |
| Título | The future of missiology as an academic discipline in seminary education : |
| Subtitulo | an attempt at reinterpretation and clarification |
| Mención de responsabilidad | / James Scherer |
| 520 ## - NOTA DE RESUMEN, ETC. | |
| Nota de sumario, etc. | El futuro de la misionología como disciplina académica en la educación en el seminario: un intento de reinterpretación y clarificación.<br/>Este estudio surge de una decisión de los funcionarios de la Asociación de Profesores de Misiones de abordar la "tradición y el cambio en la enseñanza de las misiones" en la reunión anual de 1985, y centrar la atención en los cambios en el enfoque de la enseñanza de las misiones. misiones desde 1974, año del último estudio previo sobre el tema. El presente estudio narra brevemente los desarrollos anteriores, examina las tendencias de la década pasada (1975-89) y anticipa direcciones probables para el futuro. Concluye con algunas reflexiones preliminares sobre las tareas principales y el papel futuro de la misionología en la educación teológica |
| 546 ## - NOTA DE IDIOMA | |
| Nota de idioma | Texto en inglés. |
| 650 #0 - ASIENTO SECUNDARIO DE MATERIA - TERMINO TEMÁTICO | |
| Término temático o nombre geográfico como elemento de entrada | Misiones |
| 9 (RLIN) | 154 |
| 650 #7 - ASIENTO SECUNDARIO DE MATERIA - TERMINO TEMÁTICO | |
| Término temático o nombre geográfico como elemento de entrada | Iglesia |
| 9 (RLIN) | 655 |
| 650 #7 - ASIENTO SECUNDARIO DE MATERIA - TERMINO TEMÁTICO | |
| Término temático o nombre geográfico como elemento de entrada | Hermenéutica |
| 9 (RLIN) | 418 |
| 650 #0 - ASIENTO SECUNDARIO DE MATERIA - TERMINO TEMÁTICO | |
| Término temático o nombre geográfico como elemento de entrada | Cristianismo y otras religiones |
| 9 (RLIN) | 1247 |
| 773 0# - ASIENTO DE ITEM FUENTE | |
| Biblionumber | 70215 |
| Itemnumber | 82770 |
| Lugar, editorial y fecha de publicación | Pensilvania, Estados Unidos |
| Otro identificador del ítem | R2645 |
| Título | Missiology |
| Número de control del registro | (CO-MdFUSB)768714001 |
| Parte(s) relacionada(s) / Volumen., número. (mes año), páginas | Volumen 13, (número 4, 1985) páginas: 445 - 460 |
| Enumeración y primera página | página: 445 |
| 942 ## - TIPO DE MATERIAL (KOHA) | |
| Tipo de Item KOHA | Artículos de Revista |
| 945 ## - INFORMACIÓN LOCAL DEL REGISTRO | |
| Catalogador | Catherine Arias Álvarez - Practicante SENA |
No hay ítems disponibles.
